Los valores en la convivencia humana : urbanidad en el ámbito público y privado, etiqueta y relacionamiento social, uso de los espacios públicos, solución de conflictos, celebraciones internacionales y eventos importantes en la vida / (Record no. 176041)
[ view plain ]
| 000 -CABECERA | |
|---|---|
| campo de control de longitud fija | 01124nam a2200301Ia 4500 |
| 001 - NÚMERO DE CONTROL | |
| campo de control | dia_5176 |
| 003 - IDENTIFICADOR DEL NÚMERO DE CONTROL | |
| campo de control | CHAP |
| 005 - FECHA Y HORA DE LA ÚLTIMA TRANSACCIÓN | |
| campo de control | 20231201113751.0 |
| 008 - DATOS DE LONGITUD FIJA--INFORMACIÓN GENERAL | |
| campo de control de longitud fija | 220117s2006 xx 000 0 und d |
| 010 ## - NÚMERO DE CONTROL DE LA BIBLIOTECA DEL CONGRESO | |
| Número de control de LC | 176041 |
| 020 ## - NÚMERO INTERNACIONAL ESTÁNDAR DEL LIBRO | |
| Número Internacional Estándar del Libro | 84-8055-893-8 |
| 040 ## - FUENTE DE LA CATALOGACIÓN | |
| Centro/agencia transcriptor | CHAP |
| 082 ## - NÚMERO DE LA CLASIFICACIÓN DECIMAL DEWEY | |
| Número de clasificación | C 370.114 V35 2006 |
| 245 ## - MENCIÓN DE TÍTULO | |
| Título | Los valores en la convivencia humana : urbanidad en el ámbito público y privado, etiqueta y relacionamiento social, uso de los espacios públicos, solución de conflictos, celebraciones internacionales y eventos importantes en la vida / |
| Mención de responsabilidad, etc. | coordinación general Gabriela Carrera ; autores Hugo Cobos...[et al.] |
| 260 ## - PUBLICACIÓN, DISTRIBUCIÓN, ETC. | |
| Lugar de publicación, distribución, etc. | España : |
| Nombre del editor, distribuidor, etc. | Cultural, |
| Fecha de publicación, distribución, etc. | 2006 |
| 300 ## - DESCRIPCIÓN FÍSICA | |
| Extensión | 447 p. |
| 503 ## - NOTA DE HISTORIA BIBLIOGRÁFICA (BK CF MU) [OBSOLETO] | |
| Nota de historia bibliográfica | C/e |
| 590 ## - NOTA LOCAL (RLIN) | |
| Nota local | C BJ1983 V35 2006 |
| 650 ## - PUNTO DE ACCESO ADICIONAL DE MATERIA--TÉRMINO DE MATERIA | |
| Término de materia o nombre geográfico como elemento de entrada | Cortesia |
| Subdivisión general | España |
| 9 (RLIN) | 157759 |
| 650 ## - PUNTO DE ACCESO ADICIONAL DE MATERIA--TÉRMINO DE MATERIA | |
| Término de materia o nombre geográfico como elemento de entrada | Etiqueta |
| Subdivisión general | España |
| 9 (RLIN) | 157760 |
| 650 ## - PUNTO DE ACCESO ADICIONAL DE MATERIA--TÉRMINO DE MATERIA | |
| Término de materia o nombre geográfico como elemento de entrada | Usos y costumbre |
| Subdivisión general | España |
| 9 (RLIN) | 157761 |
| 700 ## - PUNTO DE ACCESO ADICIONAL--NOMBRE DE PERSONA | |
| Nombre de persona | Carrera, Gabriela, coord. |
| 9 (RLIN) | 157762 |
| 700 ## - PUNTO DE ACCESO ADICIONAL--NOMBRE DE PERSONA | |
| Nombre de persona | Cobos, Hugo, aut. |
| 9 (RLIN) | 157763 |
| 901 ## - ELEMENTOS DE DATOS A LOCAL LDA (RLIN) | |
| a | C 370.114 V35 2006 |
| 902 ## - ELEMENTOS DE DATOS B LOCAL, LDB (RLIN) | |
| a | M |
| 905 ## - ELEMENTOS DE DATOS E LOCAL, LDE (RLIN) | |
| a | 5232272006 sp aimn8222123322spa16 |
| 942 ## - ELEMENTOS DE PUNTO DE ACCESO ADICIONAL (KOHA) | |
| Tipo de ítem Koha | Libro |
| Fuente del sistema de clasificación o colocación | Dewey Decimal Classification |
| Estado de retiro | Estado de pérdida | Fuente del sistema de clasificación o colocación | Estado dañado | Restricciones de uso | No para préstamo | Código de colección | Localización permanente | Ubicación/localización actual | Fecha de adquisición | Total de préstamos | Signatura topográfica completa | Código de barras | Fecha visto por última vez | Número de copia | Precio válido a partir de | Tipo de ítem Koha |
|---|---|---|---|---|---|---|---|---|---|---|---|---|---|---|---|---|
| Dewey Decimal Classification | Préstamo interno | Consulta | Ingenieria Agroindustrial | Ingenieria Agroindustrial | 18/01/2022 | C 370.114 V35 2006 | dia_007321 | 18/01/2022 | 1 | 18/01/2022 | Libro |
